Právne a ekonomické aspekty sankcií EÚ bakalárska práca

Salvato in:
Dettagli Bibliografici
Autore principale: Ilčisková, Viktória
Enti autori: Ekonomická univerzita v Bratislave. Národohospodárska fakulta, Univerzita Komenského v Bratislave. Právnická fakulta
Altri autori: Sabján, Nikolas
Natura: Libro
Lingua:slovacco
Pubblicazione: Bratislava 2024
Tags: Aggiungi Tag
Nessun Tag, puoi essere il primo ad aggiungerne!!

MARC

LEADER 00000nbm a2200000 4500
001 0304043
005 20250611092754.4
041 0 |a slo 
044 |a SK 
245 1 0 |a Právne a ekonomické aspekty sankcií EÚ  |b bakalárska práca  |c Viktória Ilčisková ; školiteľ: Nikolas Sabján 
264 1 |a Bratislava  |c 2024 
300 |a 59 s. 
100 1 |a Ilčisková, Viktória 
700 1 |a Sabján, Nikolas 
710 2 |a Ekonomická univerzita v Bratislave. Národohospodárska fakulta 
710 2 |a Univerzita Komenského v Bratislave. Právnická fakulta